Adam Sandler Movies - Statistics

General Stats
  • This quiz has been taken 160 times
    138 since last reset
  • The average score is 24 of 85
Answer Stats
Year Movie % Correct
1996 Happy Gilmore
91%
2010 Grown Ups
84%
2013 Grown Ups 2
83%
1995 Billy Madison
76%
1999 Big Daddy
74%
2004 50 First Dates
73%
1998 The Waterboy
72%
2006 Click
68%
1998 The Wedding Singer
62%
2011 Just Go With It
60%
2019 Murder Mystery
60%
2014 Blended
59%
2002 Mr. Deeds
58%
2023 Murder Mystery 2
54%
2019 Uncut Gems
52%
TBD Happy Gilmore 2
51%
2011 Jack and Jill
50%
2020 Hubie Halloween
49%
2000 Little Nicky
49%
2015 Pixels
48%
2004 Spanglish
48%
2012 Hotel Transylvania
47%
2005 The Longest Yard
47%
2012 That's My Boy
45%
2022 Hustle
44%
2015 Hotel Transylvania 2
42%
2014 The Cobbler
40%
2016 The Do-Over
39%
2007 I Now Pronounce You Chuck and Larry
38%
2002 Eight Crazy Nights
36%
2003 Anger Management
35%
2002 Punch-Drunk Love
34%
2023 Leo
33%
2008 You Don't Mess With the Zohan
33%
2011 Zookeeper
33%
2009 Funny People
32%
2015 The Ridiculous 6
31%
2008 Bedtime Stories
30%
1993 Coneheads
30%
2017 Sandy Wexler
30%
2024 Spaceman
30%
1994 Airheads
29%
2018 The Week Of
29%
1989 Going Overboard
27%
1996 Bulletproof
25%
2023 You Are So Not Invited to My Bat Mitzvah!
23%
2001 The Animal
20%
1991 Shakes the Clown
18%
2002 The Hot Chick
18%
2007 Reign Over Me
17%
2017 The Meyerowitz Stories
16%
1998 Dirty Work
14%
1994 Mixed Nuts
14%
2020 The Wrong Missy
13%
2018 Hotel Transylvania 3: Summer Vacation
10%
2025 Jay Kelly
9%
2009 Paul Blart: Mall Cop
8%
2015 Paul Blart: Mall Cop 2
8%
2006 The Benchwarmers
8%
2014 Men, Women and Children
7%
TBD Murder Mystery 3
6%
1999 Deuce Bigelow: Male Gigolo
5%
2005 Deuce Bigelow: European Gigolo
4%
2001 Joe Dirt
4%
2011 Bucky Larson: Born to Be A Star
3%
2012 Here Comes the Boom
3%
2003 Dickie Roberts: Former Child Star
1%
2022 Home Team
1%
TBD Kinda Pregnant
1%
TBD Paul Blart: Mall Cop 3
1%
2003 Pauly Shore is Dead
1%
2002 The Master of Disguise
1%
2014 Top Five
1%
2022 Bonnie
0%
2023 Dream Scenario
0%
2006 Grandma's Boy
0%
2019 Isn't it Romantic?
0%
2015 Joe Dirt 2: Beautiful Loser
0%
2001 Mickey's Magical Christmas: Snowed in at the House of Mouse
0%
2008 My Only U
0%
TBD The Family
0%
2008 The House Bunny
0%
2023 The Out-Laws
0%
2009 The Shortcut
0%
TBD Untitled Adam Sandler/Safie Brothers Project
0%
No matching quizzes found
Score Distribution
Percent of People with Each Score
Percentile by Number Answered
Your Score History
You have not taken this quiz since the last reset